000 01789cam a22004454i 4500
003 PE-LiUPU
005 20250731183404.0
008 150515s2007 sp a rb 001 0 eng d
035 _a(Sirsi) a24
040 _aUKM
_bspa
_cUKM
_dBTCTA
_dBAKER
_dNPL
_dBWX
_dYDXCP
_dERE
_dPIT
_dHUH
_dGEBAY
_dOCLCF
_dOCLCO
_dOCLCQ
_dOCLCO
_dOCLCQ
_dOCLCO
_dPE-LiUPU
_erda
041 1 _aeng
_hjpn
082 0 4 _a741.6
_bN16
_222
100 1 _aNagasawa, Hitoshi,
_d1956- ,
_eautor.
100 1 0 _aRogo mondo.
_lEnglish
245 1 0 _aLogo mondo /
_cHitoshi Nagasawa, Papier Collé.
264 1 _aBarcelona :
_bIndex Book,
_c2007.
300 _a247 páginas :
_bilustraciones ;
_c19 cm.
336 _atext
_2rdacontent
337 _aunmediated
_2rdamedia
338 _avolume
_2rdacarrier
504 _aIndice de diseñadores: páginas [253-255].
504 _aBibliografía : página [256].
505 0 _aTypography -- Icon -- Ilustration -- Fonts.
526 _aP158
526 _aP146
526 _aP17
526 _aP12
526 _aP06
534 _pTítulo original :
_tRogo mondo (Tōkyō : Gurafikkusha, 2006).
541 _g001-002617;
546 _aTraducido del japonés.
650 _aLogos (Simbolos)
_xDiseño.
650 _aDiseño gráfico (Tipografía).
710 2 _aPapier collè (Firma)
910 _aaas
_bjck
_caas
_d20150512
942 _2ddc
_cBOOK
949 _a741.6 N16
_wDEWEY
_c1
_i71144
_lCCODEBUL1
_mBUL
_p50.15
_r0
_sY
_tBOOK
_u2015-05-12
_xEDUCACION
_PP07
_o.STAFF. Colección General
596 _a1
999 _a741.6 N16
_wDEWEY
_c25656
_i71144
_d25656
_e2017-9-7
_f2021-11-10
_g7
_lCCODEBUL1
_mBUL
_n1
_p50.15
_q1
_r0
_sY
_tBOOK
_u2015-5-12
_xINGENIERIA
_PP07
_0COMPRA
_o.STAFF. Colección General
980 _81
_gALBERTO SANCHEZ Responsable de Automatización